Planning research for resource decisions
Saved in:
| Format: | Book |
|---|---|
| Language: | English |
| Published: |
Ames :
Iowa State University Press,
1970
|
| Subjects: | |
| Tags: |
Add Tag
No Tags, Be the first to tag this record!
|
MARC
| LEADER | 00000nam a2200000 i 4500 | ||
|---|---|---|---|
| 001 | 1/75394 | ||
| 008 | 970217s1970 eng d | ||
| 020 | |a 0-8138-2260-2 | ||
| 035 | |l 10003750 | ||
| 040 | |a GR-MY-UA |b gre |e aacr | ||
| 041 | 0 | |a eng | |
| 082 | 0 | |a 333.7515 | |
| 245 | 1 | 0 | |a Planning research for resource decisions / |c Carl H. Stoltenberg...[et. al.] |
| 260 | |a Ames : |b Iowa State University Press, |c 1970 | ||
| 300 | |a 183 p. | ||
| 650 | 0 | 0 | |a Forest management. |
| 650 | 0 | 0 | |a Forestry projects. |
| 650 | 0 | 0 | |a Forests and forestry |x Economic aspects. |
| 852 | |a INST |b LESVOS |e 19970217 |h 333.7515 PLA |p 005100011989 |q 005100011989 |t BK |y 0 | ||
| 909 | |a Λ |b 03904 | ||